000 00542nam a2200193Ia 4500
005 20250508153714.0
008 008 250505s9999 xx 000 0 eng d
037 _aBooks to be hide in OPAC
040 _aFEDL
_beng
_cFEDL
041 _aeng
_2eng
084 _a378.425 9, CAM
_qFEDL
100 _aStokes H P
_9764256
245 0 _aCorpus christi
245 0 _cCambridge. College Histories
260 _aLondon, UK
_bF E Robinson
_c1898
300 _avi,251p
942 _cHB
_h378.425 9, CAM
999 _c1344876
_d1344876